| 000 | 01501nam a2200349Ia 4500 | ||
|---|---|---|---|
| 001 | ebr10408840 | ||
| 003 | CaPaEBR | ||
| 006 | m u | ||
| 007 | cr cn||||||||| | ||
| 008 | 100112r20101970aluab sb s001 0 eng d | ||
| 010 | _z 2010000257 | ||
| 020 | _z9780817351038 | ||
| 020 | _z9780817356170 | ||
| 020 | _z9780817383923 (ebook) | ||
| 040 |
_aCaPaEBR _cCaPaEBR |
||
| 035 | _a(OCoLC)680620791 | ||
| 050 | 1 | 4 |
_aE475.53 _b.H37 2010eb |
| 082 | 0 | 4 |
_a973.7/349 _222 |
| 100 | 1 | _aHassler, Warren W. | |
| 240 | 1 | 0 | _aCrisis at the crossroads |
| 245 | 1 | 4 |
_aThe first day at Gettysburg _h[electronic resource] : _bcrisis at the crossroads / _cWarren W. Hassler, Jr. |
| 260 |
_aTuscaloosa, Ala. : _bUniversity of Alabama Press, _c[2010], c1970. |
||
| 300 |
_a214 p. : _bill., maps. |
||
| 500 | _aOriginally published: Tuscaloosa : University of Alabama Press, 1970, under title Crisis at the crossroads : the first day at Gettybsurg. | ||
| 504 | _aIncludes bibliographical references and index. | ||
| 533 |
_aElectronic reproduction. _bPalo Alto, Calif. : _cebrary, _d2010. _nAvailable via World Wide Web. _nAccess may be limited to ebrary affiliated libraries. |
||
| 650 | 0 | _aGettysburg, Battle of, Gettysburg, Pa., 1863. | |
| 651 | 0 |
_aUnited States _xHistory _yCivil War, 1861-1865. |
|
| 655 | 7 |
_aElectronic books. _2local |
|
| 710 | 2 | _aebrary, Inc. | |
| 856 | 4 | 0 |
_uhttp://site.ebrary.com/lib/rucke/Doc?id=10408840 _zAn electronic book accessible through the World Wide Web; click to view |
| 999 |
_c183173 _d183173 |
||